Подъемно-транспортное и складское оборудование (Запись № 442018)

Подробности
000 -МАРКЕР
контрольное поле 01335nam0a2200301 4500
001 - ИДЕНТИФИКАТОР ЗАПИСИ
контрольное поле RU\NLR\bibl\1285779
005 - ИДЕНТИФИКАТОР ВЕРСИИ
контрольное поле 20260407064835.0
021 ## - НОМЕР ГОСУДАРСТВЕННОЙ РЕГИСТРАЦИИ
Код страны российская федерация
Номер 2008-66603
Номер Листа государственной регистраци 3800
035 ## - ДРУГИЕ СИСТЕМНЫЕ НОМЕРА
Идентификатор записи (NLR Aleph) 001271503
100 ## - ДАННЫЕ ОБЩЕЙ ОБРАБОТКИ
Данные общей обработки 20081020d2008 |||y0rusy50 ca
101 0# - ЯЗЫК РЕСУРСА
Язык текста, звукозаписи и т.д. русский
102 ## - СТРАНА ПУБЛИКАЦИИ ИЛИ ПРОИЗВОДСТВА
Страна публикации российская федерация
105 ## - ПОЛЕ КОДИРОВАННЫХ ДАННЫХ: ТЕКСТОВЫЕ МАТЕРИАЛЫ, МОНОГРАФИЧЕСКИЕ
Кодированные данные о монографическом текстовом документе a |||||||||
200 1# - ЗАГЛАВИЕ И СВЕДЕНИЯ ОБ ОТВЕТСТВЕННОСТИ
Основное заглавие Подъемно-транспортное и складское оборудование
Сведения, относящиеся к заглавию каталог
Первые сведения об ответственности Концерн ПромСнабКомплект
210 ## - ПУБЛИКАЦИЯ, РАСПРОСТРАНЕНИЕ И ДР.
Место издания, распространения и т.д. [Б. м.
Имя издателя, распространителя и т. д. б. и.
Дата издания, распространения и т.д. 2008]
Место изготовления типография "Правда 1906"
215 ## - ФИЗИЧЕСКАЯ ХАРАКТЕРИСТИКА
Специфическое обозначение материала и объем 80 с.
Другие сведения о физической характеристике ил.
Размеры 21
225 1# - СЕРИЯ
Основное заглавие серии Библиотека главного инженера начальника отдела снабжения
313 ## - ПРИМЕЧАНИЯ, ОТНОСЯЩИЕСЯ К ТЕМАТИЧЕСКОМУ ДОСТУПУ
Текст примечания складского оборудования нет
606 1# - НАИМЕНОВАНИЕ ТЕМЫ КАК ПРЕДМЕТ
Наименование темы Подъемно-транспортные машины
Формальный подзаголовок Каталоги
Системный номер авторитетной/нормативной записи 2146686
Идентификатор авторитетной/нормативной записи RU\NLR\auth\661293243
606 1# - НАИМЕНОВАНИЕ ТЕМЫ КАК ПРЕДМЕТ
Наименование темы Подъемно-транспортные механизмы
Формальный подзаголовок Каталоги
Системный номер авторитетной/нормативной записи 887694
Идентификатор авторитетной/нормативной записи RU\NLR\auth\66194
686 ## - ИНДЕКСЫ ДРУГИХ КЛАССИФИКАЦИЙ
Индекс О91я87
711 02 - НАИМЕНОВАНИЕ ОРГАНИЗАЦИИ - АЛЬТЕРНАТИВНАЯ ОТВЕТСТВЕННОСТЬ
Начальный элемент ввода "ПромСнабКомплект", концерн
Идентифицирующий признак Санкт-Петербург
Идентификатор авторитетной/нормативной записи RU\NLR\AUTH\8810032246
Системный номер авторитетной/нормативной записи 563035
801 #0 - ИСТОЧНИК ЗАПИСИ
Страна российская федерация
Организация NLR
Дата составления 20081020
Правила каталогизации RCR
801 #1 - ИСТОЧНИК ЗАПИСИ
Страна российская федерация
Организация NLR
Дата составления 20081020
942 ## - ДОПОЛНИТЕЛЬНЫЕ ЭЛЕМЕНТЫ ЗАПИСИ (АБИС)
Тип экземпляра АБИС Книга
980 ## - КОЛЛЕКЦИЯ
Название коллекции Национальная библиография
Экземпляры
Тип экземпляра Дата поступления Источник поступления Библиотека постоянного хранения Библиотека текущего хранения Место хранения Шифр хранения Штрих-код Статус не для выдачи
Книга 20.10.2008 Обязательный экземпляр РНБ (Московский) РНБ (Московский) Фонд нормативно-технических и технических документов Пт 2008-1/110 1-681393  
Книга 20.10.2008 Обязательный экземпляр РНБ (Московский) РНБ (Московский) Фонд нормативно-технических и технических документов, подручный Пт 2008-1/110 1-681394